000 01295nam a2200385 a 4500
003 AR-BaBNM
005 20251128210334.0
008 082120s2002 ||||||||||||||000 | spa||
020 _a987-9007-16-6
040 _cAR-BaBNM
100 1 _aGriffa, Mirta N.
245 0 0 _aMi prisma fantástico
_bmetodología de la enseñanza para tercer ciclo 7mo grado Ley Federal de Educación, Contenidos Básicos Comunes, Temas transversales, ecología, comportamiento humano, creación
250 _a1ª ed.
260 _aBuenos Aires
_bDimar
_c1996
300 _a385 p.
_bil., mapas
490 0 _aProyectando
500 _aEvaluación p. 378
504 _aBibliografía p. 379
650 4 _aECOLOGIA
650 4 _aPROYECTOS
653 _aCONTENIDOS BASICOS COMUNES
653 _aEDUCACION GENERAL BASICA
653 _aLEY FEDERAL DE EDUCACION
653 _aMETODOS EDUCATIVOS
653 _aCONTENIDOS TRANSVERSALES
653 _aCONTENIDOS ACTITUDINALES
653 _aCONTENIDOS PROCEDIMENTALES
653 _aCONTENIDOS CONCEPTUALES
700 1 _aLazzeri, Natalia Valeria
_ecolaborador
700 1 _aLazzeri, Andrés Sebastián
_ecolaborador
700 1 _aZuviría, Erica Sandra
_ecolaborador
700 1 _aAlva, Susana Noemí
_ecolaborador
942 _cBK
998 _cCarmen
999 _c15035
_d15035